=LDR 00000nam 2200000 4500 =001 INLIS000000000001453 =005 20130612085845 =008 ***********************************Ind** =035 ##$$0010-061300000001453 =041 ##$$a Ind =082 ##$$a 808.83 =090 ##$$a 808.83, Ram-a =100 ##$$a RAMPAN, Korrie Layun =245 ##$$a Apresiasi cerita pendek, Korrie Layun Rampan =260 ##$$a 1991 $b Flores =300 ##$$a ...Jild, ilus, 21 cm =650 ##$$a Cerita Pendek =850 ##$$a NBPNMAT =990 ##$$a 0001/BPAP-NTB/2016